000 00521nam a22001817a 4500
005 20171122143025.0
010 _aENG-121554
020 _a9789325983403
_c250.00
035 _aEN-105086
037 _bDBAD/PUB
082 _a690
100 _aBhavikatti, S S
245 _aBuilding materials and construction /
_cby Bhavikatti S S
260 _aNoida
_bVikas Publishing House
_c2015
270 _aE-25, Sector-8,
_bNoida (UP)
_e201301
300 _ax,229p.
_c24cm(pbk)
942 _2ddc
_cEN
_h690
_mBHA
999 _c147648
_d147648